000 00403nam a2200145Ia 4500
008 230917s9999||||xx |||||||||||||| ||und||
040 _e201889
_aMAIN
041 _aEnglish
082 _a355.00954 L15D
100 _aLal, A K
245 0 _aTransformation of Indian Armed Fources 2025: Enhancing Indian's defence
260 _aNew Delhi
_bVij Books India
_c2012
300 _avii, 421 p.
942 _cBK
999 _c161014
_d161014